Memòria 1920 / Agrupació d'Escoles ; Ateneu Democràtico-Regionalista
Descripción Física:
XXIV p. ; 20 cm
MARC
| LEADER | 00000nam a2200000Ia 4500 | ||
|---|---|---|---|
| 001 | 11649 | ||
| 003 | BGR | ||
| 005 | 20260324180157.0 | ||
| 008 | 160829s9999 xx 000 0 cat d | ||
| 080 | |a 3740 | ||
| 110 | 2 | |9 70110 |a Agrupació d'Escoles | |
| 245 | |a Memòria 1920 / Agrupació d'Escoles ; Ateneu Democràtico-Regionalista | ||
| 260 | |a Barcelona : |b [s.n., s.a.] | ||
| 300 | |a XXIV p. ; |c 20 cm | ||
| 590 | |a Hi ha un altre exemplar a 2892, exp. 18 | ||
| 610 | 2 | 0 | |9 70110 |a Agrupació d'Escoles |x Memòries |
| 610 | 2 | 0 | |9 70111 |a Ateneu Democràtico-Regionalista |
| 710 | 2 | |9 70111 |a Ateneu Democràtico-Regionalista | |
| 901 | |a Arxiu | ||
| 942 | |n 1 |2 udc |c MON | ||
| 952 | |0 0 |1 0 |4 0 |6 3740 |7 1 |9 54695 |a Arxiu |b Arxiu |d 2016-12-01 |l 0 |o 3740 |p 11649 |r 2016-12-01 00:00:00 |w 2016-12-01 |y ARXIU | ||
| 999 | |c 58564 |d 58564 | ||